000 01047nam0a22002771 4500
001 rc\3343001
005 20250120150501.0
021 _aRU
_b[72-70510]
035 _a(NLR Aleph) 007431896
090 _a7024519
_c7024519
100 _a20130115d1972 |||y0rusy50 ca
101 0 _arus
102 _aRU
105 _aa z |||a|
200 1 _aДва товарища
_eРассказы и басни
_fРис. Г. Никольского
210 _aМосква
_cДет. лит.
_d1972
215 _a31 с.
_cил.
_d22
225 1 _aШкольная библиотека для нерусских школ
_i[Для начальной школы]
700 1 _aТолстой
_bЛ. Н.
_f1828-1910
_gЛев Николаевич
_3RU\NLR\AUTH\771515
702 1 _aНикольский
_bГ. Е.
_cхудожник-анималист
_f1906-1973
_gГеоргий Евлампиевич
_3RU\NLR\AUTH\770147315
_4440
801 0 _aRU
_bNLR
_gpsbo
801 1 _aRU
_bELAR
_2rusmarc
852 _aNLR
_j72-6/7358
942 _cBOOK
980 _aNB